| 000 | 01223nam0a2200301 4500 | ||
|---|---|---|---|
| 001 | RU\NLR\ONL2\8111 | ||
| 005 | 20250627112159.0 | ||
| 035 | _a(NLR Aleph) 009655700 | ||
| 090 |
_a13288780 _c13288780 |
||
| 100 | _a20071226d1957 |||y0rusy50 ca | ||
| 101 | 0 | _aaze | |
| 102 | _aAZ | ||
| 105 | _ay ||||||||| | ||
| 200 | 1 |
_aАзәрбаjҹанда ҹамышчылығын инкишафинын бә'зи мәсәләләри _e(охунулмуш мүhазирәнин стенограмы) _fҹәм. үзвү Ф. Р. Абдинов |
|
| 210 |
_aБакы _cБ. и. _d1957 |
||
| 215 |
_a44 с. _d19 |
||
| 225 | 1 |
_aАзССР Сиjаси вә елми биликләри jаjан ҹәм-т. _eIV серия _vN7 |
|
| 541 | 1 |
_aНекоторые вопросы развития буйволоводства в Азербайджане _zrus |
|
| 606 | 0 |
_aБуйволы _yАзербайджанская ССР _91199431 _3RU\NLR\auth\66167230 |
|
| 686 | 1 | _aП605 | |
| 700 | 1 |
_aАбдинов _bФ. Р. _gФикрәт Рүстәм оғлу _4070 |
|
| 801 | 0 |
_aRU _bNLR _c20071226 _gPSBO |
|
| 852 |
_aNLR _bОНЛ _jАзерб./2-8993 |
||
| 942 | _cBOOK | ||
| 980 | _aONL_RF | ||
| 980 | _aNB | ||